Survey on trev alance of diarrhea on piglet in prehnetpreh dist rict, ba nteaymeanchey provinc, ​​​​​ការអង្កេតរាកកូនជ្រូក នៅស្រុកព្រះនេត្រព្រះ ខេត្តបន្ទាយមានជ័យ. (Record no. 2635)

000 -LEADER
fixed length control field 00649nam a22001577a 4500
003 - CONTROL NUMBER IDENTIFIER
control field OSt
005 - DATE AND TIME OF LATEST TRANSACTION
control field 20151024153108.0
008 - FIXED-LENGTH DATA ELEMENTS--GENERAL INFORMATION
fixed length control field 151024b xxu||||| |||| 00| 0 eng d
040 ## - CATALOGING SOURCE
Transcribing agency RUA
082 ## - DEWEY DECIMAL CLASSIFICATION NUMBER
Classification number AVM VA 2013 B105 Or.1
100 ## - MAIN ENTRY--PERSONAL NAME
9 (RLIN) 2815
Personal name VA, SOPHAL.
245 ## - TITLE STATEMENT
Title Survey on trev alance of diarrhea on piglet in prehnetpreh dist rict, ba nteaymeanchey provinc, ​​​​​ការអង្កេតរាកកូនជ្រូក នៅស្រុកព្រះនេត្រព្រះ ខេត្តបន្ទាយមានជ័យ.
260 ## - PUBLICATION, DISTRIBUTION, ETC. (IMPRINT)
Place of publication, distribution, etc. phnom phen
Name of publisher, distributor, etc. RUA
Date of publication, distribution, etc. 2013
300 ## - PHYSICAL DESCRIPTION
Extent VII,40p.
Other physical details ill.
Dimensions 29cm.
942 ## - ADDED ENTRY ELEMENTS (KOHA)
Source of classification or shelving scheme
Koha item type AVM
Holdings
Price effective from Date last seen Permanent Location Not for loan Date acquired Source of classification or shelving scheme Koha item type Lost status Withdrawn status Date last checked out Total Checkouts Shelving location Damaged status Barcode Current Location Full call number
2015-10-242015-10-24Library Block B 2015-10-24 AVM    B105 RUA018376Library Block BAVM VA 2013 B105 Or.1
2015-10-242017-01-11Library Block B 2015-10-24 AVM  2016-12-201B105 RUA018121Library Block BAVM VA 2013 B105 Or.2
2015-10-242016-07-13Library Block B 2015-10-24 AVM  2016-06-241B105 RUA018459Library Block BAVM VA 2013 B105 Or.3
2015-10-242015-10-24Library Block B 2015-10-24 AVM    B105 RUA018481Library Block BAVM VA 2013 B105 Or.4
2015-10-242016-05-25Library Block B 2015-10-24 AVM  2016-05-192B105 RUA018409Library Block BAVM VA 2013 B105 Or.5
2015-10-242015-10-24Library Block B 2015-10-24 AVM    B105 RUA018265Library Block BAVM VA 2013 B105 Or.6
2015-10-242015-10-24Library Block B 2015-10-24 AVM    B105 RUA018337Library Block BAVM VA 2013 B105 Or.7
2015-10-242015-10-24Library Block B 2015-10-24 AVM    B105 RUA017594Library Block BAVM VA 2013 B105 Or.8
2019-06-292019-06-29Library Block B 2019-06-29 AVM    B1.238 A35356Library Block BAVM VA 2013 B1.238 Or.1
2019-06-292019-06-29Library Block B 2019-06-29 AVM    B1.238 A37448Library Block BAVM VA 2013 B1.238 Or.1
មជ្ឈមណ្ឌលឯការនៃសាកលវិទ្យាល័យភូមិន្ទកសិកម្មចំការដូង

Powered by Koha